Option Valuation Under Stochastic Volatility With Mathematica Code

Salvato in:
Dettagli Bibliografici
Autore principale: Lewis, Alan L.
Natura: Libro
Lingua:inglese
Pubblicazione: Newport Beach Finance Press 2005
Edizione:2nd Printing
Soggetti:
Tags: Aggiungi Tag
Nessun Tag, puoi essere il primo ad aggiungerne!!

MARC

LEADER 00000nam a2200000 4500
001 0304846
005 20250402144931.2
020 |a 0-9676372-0-1 
041 0 |a eng 
044 |a US 
245 1 0 |a Option Valuation Under Stochastic Volatility  |b With Mathematica Code  |c Alan L. Lewis 
250 |a 2nd Printing 
264 1 |a Newport Beach  |b Finance Press  |c 2005 
300 |a 350 s. 
610 2 0 |a oceňovanie 
610 2 0 |a volatilita 
610 2 0 |a modely matematické 
100 1 |a Lewis, Alan L.